00397 2200157 4500001002100000008004100021035002000062245004500082100002300127250000600150260003500156084001400191082000800205650001400213990001200227INLIS000000000001538 ind  a0010-0125000036 aKamus Populer LengkapcTigor Pangaribuan aPangaribuan, Tigor a1 aBandung :bPustaka Setiac1997 a503 TIG k a503 aReferensi a0715287